000
00312nam a2200121Ia 4500
008
190216s9999||||xx |||||||||||||| ||und||
100
_a
Max J Wasserman & Charls E Hultman
245
0
_a
Modern International Economics
260
_b
Eurasia Pub-Ltd
_c
1970
300
_a
494p
650
_a
Economics
942
_c
BK
999
_c
9804
_d
9804